Covering the moon : an introduction to Middle Eastern face veils /

محفوظ في:

المؤلف الرئيسي: Vogelsang-Eastwood, Gillian (مؤلف)

مؤلفون مشاركون: Rijksmuseum voor Volkenkunde (Netherlands), Textile Research Centre (Leiden, Netherlands)

مؤلفون آخرون: Vogelsang, W. J.

التنسيق: كتاب

اللغة: English

منشور في: Leuven : Dudley, MA : Peeters, 2008.

الموضوعات:

الوسوم: إضافة وسم

لا توجد وسوم, كن أول من يضع وسما على هذه التسجيلة!

رقم الطلب: GT1380 .V64 2008

LEADER 01116nam a22002777a 4500
003 OSt
005 20250921074510.0
008 250303s2008 be ab g b 001 0 eng d
010 |a 2009470867 
020 |a 9789042919907 
040 |c ARCE Library 
043 |a aw----- 
050 1 4 |a GT1380   |b .V64 2008 
100 1 |a Vogelsang-Eastwood, Gillian,   |e author 
245 1 0 |a Covering the moon :   |b an introduction to Middle Eastern face veils /   |c Gillian Vogelsang-Eastwood, Willem Vogelsang ; in association with the Textile Research Centre, Leiden, and the National Museum of Ethnology, Leiden. 
264 1 |a Leuven :   |b Dudley, MA :   |b Peeters,   |c 2008. 
300 |a x, 247 pages :   |b illustrations (some color), color maps ;   |c 29 cm. 
504 |a Includes bibliographical references (pages 235-242) and index. 
650 0 |a Clothing and dress  |z Middle East  |x History. 
650 0 |a Veils  |z Middle East  |x History. 
700 1 |a Vogelsang, W. J. 
710 2 |a Rijksmuseum voor Volkenkunde (Netherlands) 
710 2 |a Textile Research Centre (Leiden, Netherlands) 
901 |a reviewed 
942 |c BK  |2 lcc 
999 |c 23130  |d 23130